000 00833cab a2200265 4500
001 WB2909-19
008 090401t1993 xxu||||| |||| 00| 0 eng d
035 _a(Sirsi) u63031
041 _aeng
245 _a55,000 more homes available
260 _c1993
350 _a0
490 _aDoE News Release
_v(117) 24 February 1993 (19)
520 _aHousing associations will receive funding under the Approved Development Programme to provide an additional 54,500 homes for letting in 1993/94. Full list of 1993/1994 allocations attached.
650 _aAPPROVED DEVELOPMENT PROGRAMME
650 _aFUNDING
650 _aGRANTS
650 _aHOUSING ASSOCIATIONS
650 _aPRIVATE SECTOR
650 _aRENTED HOUSING
650 _aSOCIAL HOUSING
690 _aHOUSING-FINANCE
942 _n0
948 _c04/03/1997
999 _c39179
_d39179